Дело о выдаче свидетельств дочерям бывших служащих Театральной дирекции, для вступления в брак

Доступно только в Электронных читальных залах Найти на картеНа карте
RUSMARC
00003619nmc2a22000003x 450
00162780317-cc3c-4c4c-ab29-a697e196083a
00520181126215822.0
100##$a20161223l18221822k l0rusy0189 ca
1010#$arus
102##$aRU
2001#$aДело о выдаче свидетельств дочерям бывших служащих Театральной дирекции, для вступления в брак
$j23 сентября - 30 октября 1822 г.
251##$cДело
300##$aДело
801#0$aRU
$bРГИА
$c20161223
$gRCR
801#1$aRU
$bГлавНИВЦ
$c20161223
$2rusmarc
801#2$aRU
$bПБ им. Б.Н. Ельцина
$c20181126
$gRCR
$2rusmarc
850##$aРГИА
852##$aРГИА
$eФедеральное казенное учреждение "Российский государственный исторический архив" (РГИА)
$j2343
937##$hРГИА
$d12236590
$aASBIBLIO_SCAN
462#0$1001dd3991dc-24e1-42ec-8838-ca4255420416
$12001
$a1746-1850 гг.
$1251
$cОпись
$1852
$j1
461#0$10019264ebf8-de62-4f1a-9eb4-9f22098dbbd5
$12001
$aДирекция императорских театров МИДв
$1251
$cФонд
$1852
$j497
215##$a11 л.
$d36,5х26 см
371##$aДокумент не является опубликованным и широко распространяемым
105##$ay###
1222#$ad
035##$a62780317-cc3c-4c4c-ab29-a697e196083a
856##$uhttp://readingroom.main.prlib.ru/item.aspx?id_node=n121008574&mode=full
Формат отображения